Process innovations and quality measurement in automotive manufacturing

Norma ISO/TS 16949 o kvalite produkcie v automobilovom priemysle. Výhody a prekážky implikácie normy. Vlastnosti meracích systémov podľa novej normy. Analýza meracích systémov v automobilovej výrobnej fabrike.

Na minha lista:
Detalhes bibliográficos
Autor principal: Majerník, Milan, 1952-
Outros Autores: Štofová, Lenka, 1989-, Bosák, Martin, 1967-, Szaryszová, Petra, 1984-
Formato: Capítulo de Livro
Idioma:inglês
Assuntos:
Tags: Adicionar Tag
Sem tags, seja o primeiro a adicionar uma tag!

MARC

LEADER 00000naa$a2200000$$$4500
001 0214612
005 20240502083538.9
041 0 |a eng 
044 |a NL 
245 1 0 |a Process innovations and quality measurement in automotive manufacturing  |c Milan Majerník, Lenka Štofová, Martin Bosák, Petra Szaryszová 
520 |a Norma ISO/TS 16949 o kvalite produkcie v automobilovom priemysle. Výhody a prekážky implikácie normy. Vlastnosti meracích systémov podľa novej normy. Analýza meracích systémov v automobilovej výrobnej fabrike. 
610 2 0 |a inovácia 
610 2 0 |a procesy podnikové 
610 2 0 |a kontrola kvality 
610 2 0 |a normy kvality 
610 2 0 |a analýza kvalitatívna 
610 2 0 |a normy ISO 
610 2 0 |a priemysel automobilový 
100 1 |a Majerník, Milan, 1952- 
700 1 |a Štofová, Lenka, 1989- 
700 1 |a Bosák, Martin, 1967- 
700 1 |a Szaryszová, Petra, 1984-